000 00658nam a2200277Ia 4500
008 210210b2011 xxu||||| |||| 00| 0 eng d
020 _a0198073879
041 _aeng
082 _a362.5 OXFP
100 _aOXFORD UNIVERSITY
245 _aPerspectives on poverty in India: stylized facts from survey data
260 _aWashington
_bThe World Bank, Washington.,
_c2011
300 _axx,270
650 _asurvey
650 _astylized
650 _apoverty
650 _aPerspectives
650 _aon
650 _aIndia:
650 _ain
650 _afrom
650 _afacts
650 _adata
690 _aPoverty
906 _a066489
999 _c147783
_d147783